000 00518nam a2200205Ia 4500
005 20250425161129.0
008 250425s9999 xx 000 0 und d
041 _aeng
082 _a628.1687
100 _aWEBBER, HAROLD H.
245 0 _aFOOD-DRUGS FROM THE SEA; PROCEEDINGS 1974
250 _aS.E.
260 _aEstados Unidos
_bS.E.
_c1976
260 _aNEW YORK
300 _a180
650 _aCONTAMINACION AMBIENTAL-PESTICIDAS
650 _aCONTAMINACION POR ACEITE
942 _c01
010 _a13349
999 _c203011
_d203011